[Event "FIDE Chesscom Grand Swiss 2021"]
[Site "Riga"]
[Date "2021.10.29"]
[Round "3.17"]
[White "Oparin, Grigoriy"]
[Black "Petrosyan, Manuel"]
[Result "1/2-1/2"]
[WhiteElo "2654"]
[BlackElo "2605"]
[Annotator "TA"]
[PlyCount "93"]
[EventDate "2021.10.27"]
[EventType "swiss"]
[EventCountry "LAT"]
[Tiebreak "Cut1 Buchholz+Sonneborn-Berger (Swiss)"]
[SourceTitle "playchess.com"]
[Source "ChessBase"]
[SourceQuality "1"]

{[%evp 11,93,22,40,5,14,2,40,-6,0,0,0,-2,61,58,101,101,78,96,90,92,155,137,194,
191,181,191,747,12,0,-87,-89,-113,-86,-152,-120,-116,-120,-146,-90,-74,0,0,0,0,
0,0,49,59,58,31,73,63,55,56,62,67,82,72,108,0,0,0,0,0,0,0,0,0,0,0,9,17,304,304,
304,304,304,290,283,283,261,0,0,0]} 1. e4 c5 2. Nf3 e6 3. d4 cxd4 4. Nxd4 Nc6
5. Nc3 Qc7 6. Be3 a6 7. g4 {B48: Sicilian: Taimanov: 5 Nc3 Qc7 6 Be3 a6
without Be2.} b5 {[%cal Bb7b5,Bb5b4][%mdl 32]} 8. Nxc6 Qxc6 9. Qd2 {White is
slightly better.} b4 10. Ne2 Qxe4 11. Rg1 {[#]} d5 $146 (11... Qb7 $11) ({
Predecessor:} 11... Qc4 12. Nf4 Qc7 13. O-O-O Nf6 14. Bg2 Bb7 15. g5 Ne4 16.
Qd4 Nd6 17. Qxb4 Bxg2 18. Nxg2 {1/2-1/2 (47) Karjakin,S (2758)-Rapport,R (2760)
Stavanger 2021}) 12. Bd4 $1 $14 {[%mdl 1024] White has compensation.} Ne7 13.
O-O-O h5 14. Bg2 $1 {[%cal Rg2e4]} Qh7 15. g5 Ng6 (15... Qf5 $142) 16. f4 $1
$16 Nh4 {[#]} (16... Bd6 $16 {was worth a try.}) 17. Bxd5 $1 $18 {[%mdl 512]}
exd5 18. Bf2 $1 {[%csl LRd5,LRh4]} Bf5 $2 (18... Bb7) 19. Bxh4 $2 (19. g6 $18
Nxg6 20. Qxd5 {[%mdl 64] Double Attack}) 19... Bc5 $1 $11 20. g6 (20. Qxd5 Be3+
21. Kb1 Bxc2+ 22. Ka1 O-O $17) (20. Ng3 $11 O-O 21. Nxf5 Qxf5 22. Rgf1) 20...
Bxg6 $17 {White must now prevent ...0-0.} 21. Nd4 O-O (21... Be4 {looks
sharper.} 22. Rde1 Rc8 23. Kb1 f6 24. Rg3 O-O) 22. Bf6 gxf6 23. f5 {[%mdl 64] 
[#] Pin} Rae8 $1 24. Kb1 {[#]} (24. Rg3 h4) 24... Kh8 25. Rgf1 {[#]} Re5 26.
fxg6 $11 fxg6 27. Nc6 Ree8 28. Qxd5 Be3 29. Nxb4 Qe7 30. Qc4 (30. Nxa6 {
feels hotter.} f5 31. Qc6 Bh6 32. h3 Bg7 33. c3) 30... Rc8 31. Qd3 Qxb4 32.
Qxe3 {Threatening mate with Qh6+.} g5 33. Qe2 {[%mdl 64] Double Attack} Qg4 34.
Qxa6 Kg7 35. Qd3 (35. b3 $16) 35... Rfd8 36. Qxd8 Rxd8 37. Rxd8 {[%mdl 4096]
Endgame KQ-KRR} Qg2 38. Rfd1 Qxh2 39. a4 {[%cal Ba2a4,Ba4a5,Ba5a6,Ba6a7][%mdl
32]} Qe2 40. R8d6 h4 {Threatens to win with ...h3.} 41. a5 {aiming for a6.} h3
$2 {[%mdl 8192]} (41... Qf3 $11 {and Black has nothing to worry.}) 42. a6 $18
h2 {Hoping for ...Qe4.} 43. a7 $1 {[%cal Ra7a8]} ({Weaker is} 43. Rd7+ Kg6 $11)
43... Qe8 {...Qa8 is the strong threat.} 44. Rh1 $1 {And now Ra6 would win.}
Qe4 {[#]} 45. Rdd1 ({Inferior is} 45. Rxh2 Qe1+ 46. Ka2 Qa5+ 47. Kb1 Qe1+ 48.
Ka2 Qa5+ {[%mdl 64] Double Attack} 49. Kb1 Qe1+ $11) 45... Qf3 {[#]} 46. Rd7+
$2 (46. b3 $1 $18 Kg6 47. Kb2) 46... Kg6 $11 47. Rxh2 {Weighted Error Value:
White=0.26/Black=0.25} 1/2-1/2

[Event "FIDE Chesscom Grand Swiss 2021"]
[Site "Riga"]
[Date "2021.10.29"]
[Round "3.18"]
[White "Neiksans, Arturs"]
[Black "Sevian, Samuel"]
[Result "1/2-1/2"]
[WhiteElo "2570"]
[BlackElo "2654"]
[Annotator "TA"]
[PlyCount "46"]
[EventDate "2021.10.27"]
[EventType "swiss"]
[EventCountry "LAT"]
[Tiebreak "Cut1 Buchholz+Sonneborn-Berger (Swiss)"]
[SourceTitle "playchess.com"]
[Source "ChessBase"]
[SourceQuality "1"]

{[%evp 13,46,18,16,20,19,12,17,25,12,0,3,8,16,0,0,0,0,0,0,0,0,0,0,0,0,0,25,6,
15,0,16,0,13,0,20]} 1. e4 {Nielsen,Peter Heine} e5 2. Nf3 Nc6 3. Bc4 Nf6 4. d3
Bc5 5. O-O d6 6. c3 a6 7. a4 h6 8. Re1 $1 {The main line 8.Re1 scores better
than 8.Nbd2. C54: Giuoco Piano: 4 c3 Nf6, main lines with 5 d4 and 5 d3.} O-O
9. h3 a5 10. Nbd2 Be6 11. Bb5 Na7 12. d4 Nxb5 13. dxc5 Na7 {[#]} 14. cxd6 $146
({Predecessor:} 14. b3 Re8 15. cxd6 Qxd6 16. Ba3 c5 17. Nc4 Qxd1 18. Raxd1 Bxc4
19. bxc4 b6 20. Nh4 {1-0 (43) Carlsen,M (2882)-So,W (2776) Saint Louis 2019
CBM 192 [Nielsen,Peter Heine]}) 14... Qxd6 15. b3 Rad8 16. Ba3 c5 17. Qe2 b6
18. Nc4 $36 {[%mdl 2048] White has good play.} Bxc4 19. Qxc4 Nc6 20. Qb5 Qc7 {
The position is equal.} 21. Qc4 Qd6 22. Qb5 Qc7 23. Qc4 Qd6 {A rather calm
draw.  Weighted Error Value: White=0.06/Black=0.02} 1/2-1/2

[Event "FIDE Chesscom Grand Swiss 2021"]
[Site "Riga"]
[Date "2021.10.29"]
[Round "3.19"]
[White "Kuybokarov, Temur"]
[Black "Nihal Sarin"]
[Result "0-1"]
[WhiteElo "2549"]
[BlackElo "2652"]
[Annotator "TA"]
[PlyCount "64"]
[EventDate "2021.10.27"]
[EventType "swiss"]
[EventCountry "LAT"]
[Tiebreak "Cut1 Buchholz+Sonneborn-Berger (Swiss)"]
[SourceTitle "playchess.com"]
[Source "ChessBase"]
[SourceQuality "1"]

{[%evp 9,63,25,57,34,34,27,29,31,36,27,22,30,41,28,10,18,61,52,59,19,19,0,8,8,
16,16,19,0,21,-33,-19,-19,-10,-25,-21,-18,-12,-32,0,-107,-107,-107,-100,-212,
-228,-267,-252,-300,-293,-29994,-751,-29995,277,-29996,-29997,-29999]} 1. e4 e5
2. Nf3 Nc6 3. Bb5 a6 4. Ba4 Bc5 5. c3 Nge7 6. d4 {C70: Ruy Lopez: 3...a6 4 Ba4,
Norwegian and Delayed Schliemann.} exd4 7. cxd4 Bb4+ 8. Bd2 {White has an edge.
} Bxd2+ 9. Qxd2 d5 10. exd5 Qxd5 11. O-O Be6 12. Nc3 Qh5 13. Ne5 $1 O-O {[#]}
14. Bd1 $146 ({Predecessor:} 14. Bxc6 Nxc6 15. Nxc6 bxc6 16. Na4 Rad8 17. Qc3
Rd6 18. Rae1 Bd5 19. f4 Qg4 20. Rf2 {1/2-1/2 (51) Bologan,V (2684)-Tkachiev,V 
(2639) France 2010}) 14... Qh4 15. Nf3 Qh6 16. Qxh6 gxh6 17. Bc2 Rad8 18. Be4
Rd6 19. Na4 (19. Rfe1 $11) 19... b6 20. Rfc1 Rfd8 21. h3 Kg7 22. b3 R8d7 23.
Bd3 a5 24. Rc3 (24. Bb5 $11) 24... Nxd4 $17 25. Ne5 Nd5 26. Rcc1 (26. Nxd7 $17
{was necessary.} Nxc3 27. Nxc3 Nf3+ {[%mdl 64] Discovered Attack} 28. gxf3 Rxd3
{[%mdl 64] Double Attack} 29. Nxb6 Rxc3 30. Na4) 26... Re7 $19 27. Bf1 {[#]}
Bxh3 $1 {[%mdl 512]} 28. Nc4 (28. Rd1 c5) 28... Rg6 {( -> ...Nf3+)} 29. Rd1 $2
(29. Kh1 $19 Nf4 30. Rd1) 29... Nf3+ 30. Kh1 {[#]} Bxg2+ $1 {[%mdl 512]} 31.
Bxg2 {[#]} Re4 $1 32. Bxf3 (32. Rd4 Rxd4) 32... Rh4# {Weighted Error Value:
White=0.39/Black=0.07} 0-1

[Event "FIDE Chesscom Grand Swiss 2021"]
[Site "Riga"]
[Date "2021.10.29"]
[Round "3.20"]
[White "Vitiugov, Nikita"]
[Black "Abasov, Nijat"]
[Result "1/2-1/2"]
[WhiteElo "2727"]
[BlackElo "2638"]
[Annotator "TA"]
[PlyCount "82"]
[EventDate "2021.10.27"]
[EventType "swiss"]
[EventCountry "LAT"]
[Tiebreak "Cut1 Buchholz+Sonneborn-Berger (Swiss)"]
[SourceTitle "playchess.com"]
[Source "ChessBase"]
[SourceQuality "1"]

{[%evp 21,82,0,60,50,65,71,102,101,101,85,91,35,76,83,72,83,207,208,207,210,
235,233,236,230,227,233,220,221,278,280,289,287,277,286,274,274,231,200,240,
203,250,229,211,0,0,0,0,-85,0,0,0,0,78,78,78,24,24,24,37,0,0,0,50]} 1. e4 c5 2.
Nf3 d6 3. d4 cxd4 4. Nxd4 Nf6 5. Nc3 Nc6 6. Bg5 e6 7. Qd2 a6 8. Nxc6 bxc6 9.
O-O-O h6 10. Bf4 d5 11. Qe3 Qa5 (11... Bb4 $11) 12. Be2 $14 {B66: Sicilian:
Richter-Rauzer: 7...a6 8 0-0-0 h6.} Bb4 {next ...Bxc3 is good for Black.} 13.
Be5 dxe4 {[#]} 14. Qg3 {White is better.} Bxc3 {[#]} 15. Bxc3 $146 (15. Bc7 {
is more complex.} Bxb2+ 16. Kxb2 Qb4+ 17. Ka1 O-O 18. Bd6) ({Predecessor:} 15.
Bc7 Bxb2+ 16. Kxb2 Qb4+ 17. Ka1 Nd5 18. Qxg7 Qf8 19. Qd4 Bd7 20. Bg3 Rg8 21. c4
{1-0 (37) Ponomariov,R (2673)-Bu,X (2558) Lausanne 2001}) 15... Qg5+ 16. Kb1 ({
White should try} 16. Rd2 $16 Qxg3 17. hxg3) 16... O-O 17. Qxg5 hxg5 18. h4
gxh4 (18... g4 $16 {was worth a try.}) 19. Rxh4 $40 {[%mdl 128] White goes for
the king.} Nd5 {[#]} 20. Bd4 ({Worse is} 20. Rxe4 Nxc3+ 21. bxc3 c5 $11) 20...
f5 21. Bc5 Bb7 22. Bxf8 Rxf8 23. Rdh1 {Black must now prevent Rh8+.} Kf7 24.
Rh8 {And now Rxf8+ would win.} c5 25. Rxf8+ Kxf8 {[%mdl 4096] Endgame KRB-KBN}
26. Rh8+ Ke7 27. Rg8 Kf6 28. Rb8 Bc6 29. Rc8 Ne7 30. Rc7 a5 31. a4 g5 32. Bb5
$2 (32. g3 $18) 32... e3 $1 $11 {[%cal Re3f2]} 33. fxe3 ({But not} 33. Bxc6 $2
e2 $19) 33... Bxg2 34. Kc1 (34. Rxc5 $11 Nd5 35. Bc6) 34... g4 (34... Nd5 $17
35. Rxc5 Nxe3) 35. Kd2 g3 36. Ke2 f4 (36... e5 $11 {keeps the balance.}) 37.
exf4 $16 Nd5 38. Rc8 (38. Rxc5 $16 {Threatens to win with Bc6.} Be4 39. Kf1
Nxf4 40. Rc3) 38... Nxf4+ 39. Ke3 Nd5+ 40. Ke2 {aiming for Rg8.} (40. Kd2 $5 {
[%cal Rc8g8]} Be4 41. Rg8 $16 (41. Rxc5 $2 g2 $19)) 40... Nf4+ 41. Ke3 Nd5+ {
Black escapes into a draw.  Weighted Error Value: White=0.22/Black=0.26}
1/2-1/2

[Event "FIDE Chesscom Grand Swiss 2021"]
[Site "Riga"]
[Date "2021.10.29"]
[Round "3.21"]
[White "Kovalev, Vladislav"]
[Black "Esipenko, Andrey"]
[Result "1/2-1/2"]
[WhiteElo "2634"]
[BlackElo "2720"]
[Annotator "TA"]
[PlyCount "60"]
[EventDate "2021.10.27"]
[EventType "swiss"]
[EventCountry "LAT"]
[Tiebreak "Cut1 Buchholz+Sonneborn-Berger (Swiss)"]
[SourceTitle "playchess.com"]
[Source "ChessBase"]
[SourceQuality "1"]

{[%evp 17,60,0,0,0,0,0,0,0,0,-14,0,0,0,0,0,0,0,0,0,-16,21,18,16,7,8,0,0,0,0,0,
0,0,0,0,0,0,0,0,0,0,0,0,0,0,0]} 1. e4 e5 2. Nf3 Nc6 3. Nc3 Nf6 4. d4 exd4 5.
Nxd4 Bb4 6. Nxc6 bxc6 7. Bd3 d5 8. exd5 O-O 9. O-O cxd5 {The position is equal.
} 10. h3 {C47: Scotch Four Knights and Four Knights with 4 g3.} c6 11. Qf3 Bd6
12. Bf4 Be6 {[#]} 13. Rfd1 $146 ({Predecessor:} 13. Rfe1 Rb8 14. b3 Rb4 15. Ne2
Bxf4 16. Nxf4 Qd6 17. c4 Rbb8 18. Rad1 d4 19. c5 {1/2-1/2 (76) Khamrakulov,D 
(2812)-Barp,A (2633) Chess.com INT 2020}) 13... Bxf4 (13... Re8 {is
interesting.} 14. Ne2 Rb8 15. Rab1 c5 16. c4 Bxf4 17. Nxf4 d4) 14. Qxf4 Qb8 15.
Qxb8 Raxb8 16. Na4 Rfc8 17. Ba6 Rc7 18. c4 dxc4 19. Rac1 c5 20. Bxc4 (20. Rc2 {
feels hotter.} Rd7 21. Rdc1 c3 22. Rxc3 Bxa2 23. Nxc5 Rc7 24. Nd3) 20... Bd7 $1
{[%cal Rd7a4] [#]} 21. Nxc5 Rxc5 22. Bxf7+ $1 Kxf7 23. Rxc5 Rxb2 24. Rc7 Rxa2
25. Rdxd7+ Nxd7 26. Rxd7+ $11 {KR-KR} Kf6 27. g4 h6 28. Kg2 g5 29. Rd6+ Kg7 $1
30. Rd7+ Kg6 {A rather calm draw.  Weighted Error Value: White=0.03/Black=0.03}
1/2-1/2

[Event "FIDE Chesscom Grand Swiss 2021"]
[Site "Riga"]
[Date "2021.10.29"]
[Round "3.22"]
[White "Durarbayli, Vasif"]
[Black "Dubov, Daniil"]
[Result "0-1"]
[WhiteElo "2629"]
[BlackElo "2714"]
[Annotator "TA"]
[PlyCount "68"]
[EventDate "2021.10.27"]
[EventType "swiss"]
[EventCountry "LAT"]
[Tiebreak "Cut1 Buchholz+Sonneborn-Berger (Swiss)"]
[SourceTitle "playchess.com"]
[Source "ChessBase"]
[SourceQuality "1"]

{[%evp 19,68,0,0,0,0,0,0,0,0,0,0,-13,-18,-7,-12,-22,-17,-35,-23,-110,-99,-132,
-129,-180,-175,-229,-174,-230,-230,-314,-306,-687,-687,-707,-702,-668,-696,
-692,-692,-676,-669,-700,-521,-725,-741,-722,-710,-1229,-1227,-1175,-1089]} 1.
e4 e5 2. Nf3 Nc6 3. Bb5 a6 4. Ba4 Nf6 5. d4 exd4 6. O-O Be7 7. e5 Ne4 8. Nxd4
O-O 9. Nf5 d5 10. Nxe7+ Nxe7 11. c3 {C84: Closed Ruy Lopez: Unusual White 6th
moves.} Nc5 12. Bc2 Bf5 13. Na3 {The position is equal.} Qd7 14. Be3 Ne6 {[#]}
15. f4 $146 ({Predecessor:} 15. Qh5 Bg6 16. Qh3 f6 17. exf6 Rxf6 18. Bd4 Rf7
19. Be5 Bxc2 20. Nxc2 Ng6 21. Rae1 Nxe5 22. Rxe5 {1/2-1/2 (57) Zelcic,R (2530)
-Plenca,J (2475) Zagreb 2018}) 15... f6 16. exf6 Rxf6 17. Qd2 Raf8 18. Rad1 h5
19. Bxf5 (19. Bb3 $11 {remains equal.}) 19... Nxf5 $17 {Black converts the
advantage convincingly.} 20. Nc2 {[#]} c6 $1 21. Bf2 {[#]} (21. Bd4 $17 Nfxd4
22. Nxd4) 21... Nd6 $1 $19 22. Bg3 (22. Be3 $142) 22... Nc4 23. Qc1 (23. Qe2
$142 Nxb2 24. Rb1) 23... h4 $1 {[%cal Rh4g3][%mdl 64] Deflection} 24. Bxh4 Nxf4
({Less strong is} 24... Rxf4 25. Bg3 $15) 25. Rf2 (25. Rxf4 Rxf4 26. Bg3) 25...
Qg4 {And now ...Nh3+ would win.Black is clearly winning.} 26. Bxf6 Nh3+ {
[%mdl 64] Double Attack, Zwischenzug} 27. Kf1 Nxf2 28. Kxf2 Rxf6+ 29. Kg1 Qe2
30. Re1 Qf2+ 31. Kh1 {[#]} Nxb2 $1 {[%mdl 512] aiming for ...Nd3!} 32. h3 {[#]}
(32. Qe3 Qxc2) 32... Rg6 $1 {[%csl Gg6][%cal Rf2g2]} 33. g4 (33. Ne3 Nd3) 33...
Qf3+ {[%mdl 64] Double Attack} 34. Kh2 {[#]} Rh6 $1 {Weighted Error Value:
White=0.59/Black=0.02} 0-1

[Event "FIDE Chesscom Grand Swiss 2021"]
[Site "Riga"]
[Date "2021.10.29"]
[Round "3.23"]
[White "Alekseenko, Kirill"]
[Black "Movsesian, Sergei"]
[Result "1/2-1/2"]
[WhiteElo "2710"]
[BlackElo "2627"]
[Annotator "TA"]
[PlyCount "55"]
[EventDate "2021.10.27"]
[EventType "swiss"]
[EventCountry "LAT"]
[Tiebreak "Cut1 Buchholz+Sonneborn-Berger (Swiss)"]
[SourceTitle "playchess.com"]
[Source "ChessBase"]
[SourceQuality "1"]

{[%evp 9,55,16,22,13,22,18,16,26,15,23,14,17,9,-27,-22,-31,-29,-52,-66,-67,-45,
-69,-61,-140,-131,-163,-143,-116,-140,-172,-133,-133,-131,-125,-17,-41,21,0,0,
0,0,0,0,0,0,0,0,0]} 1. e4 c6 2. d4 d5 3. e5 c5 4. dxc5 e6 5. Nf3 Bxc5 6. a3 {
B12: Caro-Kann: Advance Variation.} Ne7 7. b4 Bb6 8. Bb2 O-O 9. Nbd2 a5 10. Bd3
{Strongly threatening Bxh7+!} Ng6 {[#]} 11. bxa5 $146 ({Predecessor:} 11. g3
Qc7 12. c4 axb4 13. axb4 Rxa1 14. Qxa1 dxc4 15. Nxc4 Qc6 16. Ke2 Bc7 17. Rc1 {
1-0 (41) Balakrishnan,P (2508)-Loiacono,A (2326) Spilimbergo 2021}) 11... Rxa5
12. Nb3 Ra8 13. h4 Nc6 14. h5 Nf4 15. h6 g6 (15... Nxg2+ 16. Kf1 $16) 16. Bb5 {
[#]} ({White should play} 16. Kf1 $15) 16... f6 $1 $17 17. g3 fxe5 {And now ...
Ng2+ would win.} 18. gxf4 Rxf4 19. Rh3 {[#]} (19. Nxe5 $2 Nxe5 20. Bxe5 Re4+
21. Kd2 Rxe5 $19) 19... e4 $1 {aiming for ...e5.} 20. Qd2 e5 21. Nxe5 Rxf2 (
21... Bxf2+ $17 22. Kd1 e3) 22. Qc3 Qf6 (22... Qg5 $15 23. Qg3 Qxg3 24. Rxg3
Rxc2 25. Bxc6 bxc6) 23. Nxc6 {The position is equal.} Rf1+ $1 24. Kd2 $1 (24.
Bxf1 $2 {too greedy.} Qf2+ 25. Kd1 Bg4+ 26. Rf3 Bxf3+ 27. Qxf3 exf3 $19) 24...
Rf2+ 25. Ke1 Rf1+ $1 26. Kd2 $1 (26. Bxf1 $2 {loses.} Qf2+ 27. Kd1 Bg4+ 28. Rf3
Bxf3+ 29. Qxf3 exf3 $19) 26... Rf2+ 27. Ke1 Rf1+ $1 28. Kd2 $1 {And White is
the lucky defender.  Weighted Error Value: White=0.11/Black=0.11} (28. Bxf1 $2
{perishes.} Qf2+ 29. Kd1 Bg4+ 30. Rf3 Bxf3+ 31. Qxf3 exf3 $19) 1/2-1/2

[Event "FIDE Chesscom Grand Swiss 2021"]
[Site "Riga"]
[Date "2021.10.29"]
[Round "3.24"]
[White "Svidler, Peter"]
[Black "Shevchenko, Kirill"]
[Result "1/2-1/2"]
[WhiteElo "2694"]
[BlackElo "2632"]
[Annotator "TA"]
[PlyCount "115"]
[EventDate "2021.10.27"]
[EventType "swiss"]
[EventCountry "LAT"]
[Tiebreak "Cut1 Buchholz+Sonneborn-Berger (Swiss)"]
[SourceTitle "playchess.com"]
[Source "ChessBase"]
[SourceQuality "1"]

{[%evp 17,115,0,0,6,12,11,10,16,18,30,16,9,12,9,9,0,0,-13,-19,-15,-26,-57,0,0,
0,0,0,0,0,0,0,0,0,-2,-4,-6,-4,-22,-24,-21,-22,-20,-11,-20,-11,-20,-19,-35,-8,
-8,-8,-8,-8,-34,-8,-8,-9,-8,-12,-12,0,-12,-12,-12,-8,-8,-8,-8,-8,-8,-8,-18,-15,
-15,0,0,0,0,0,0,0,0,0,0,0,0,0,0,0,0,0,0,0,0,0,-8,-8,-8,-8,-8]} 1. e4 c5 2. Nf3
Nc6 3. Bb5 g6 4. O-O Bg7 5. c3 Nf6 6. Re1 O-O 7. d4 d5 8. e5 Ne4 9. Bxc6 bxc6
10. Be3 $1 {[%mdl 4] now scores much better than the old 10.Nbd2. B31:
Sicilian: 2...Nc6 3 Bb5 g6.} Rb8 11. Qc1 cxd4 12. cxd4 f6 {[#]} 13. Nbd2 $146 (
{Predecessor:} 13. exf6 exf6 14. Nbd2 Bf5 15. Qxc6 Rxb2 16. Nb3 Ng5 17. Nxg5
fxg5 18. Rec1 Qf6 19. Qxd5+ {1/2-1/2 (43) Perez Gormaz,M (2413)-Kotronias,V 
(2517) Banja Vrujci 2021}) 13... Bf5 14. Nb3 Qd7 15. exf6 exf6 16. Nh4 Be6 17.
f3 {[#]} g5 $1 18. fxe4 dxe4 19. Bf2 {Threatens to win with Nc5.} Bd5 (19...
gxh4 $15 20. Rxe4 h3) 20. Nc5 $11 Qc8 21. Nxe4 {Hoping for Nd6.} gxh4 22. h3 f5
23. Nc3 f4 24. Nxd5 cxd5 25. Qxc8 Rfxc8 26. Re2 Kf7 27. Rd1 Bf6 28. Be1 Kg6 29.
Kf2 Rc4 30. Kf3 Kf5 ({Wrong is} 30... Bxd4 $2 31. b3 $18 (31. Bxh4 Rb5 $11))
31. b3 Rc7 ({Don't play} 31... Rxd4 32. Rxd4 Bxd4 33. Re7 $14) 32. Bd2 Rc2 (
32... Rg8 $5 {[%cal Rg8g3]} 33. Bxf4 Rc3+ 34. Re3 Rc2 35. g4+ hxg3 36. Bxg3
Rxa2 $15) 33. Bxf4 Rxe2 34. Bxb8 Rxa2 {[%mdl 4096] Endgame KRB-KRB} 35. Rd3 a6
36. Bf4 {The position is equal.} Rc2 37. Be3 Be7 38. Bf2 Bg5 39. Be1 Rc1 40.
Bf2 Rf1 41. b4 Bf4 {Strongly threatening ...Bg3.} 42. Ke2 {[#]} Ke4 $1 {
And now ...Rxf2+! would win.} 43. Ra3 Rb1 44. Rxa6 Rb2+ 45. Kf1 Rb1+ (45... Bg5
{with more complications.} 46. Re6+ Kd3 47. Re1 h6 48. Ra1 Rxb4 49. Rd1+ Kc4)
46. Ke2 Bg3 (46... Rxb4 {keeps more tension.} 47. Re6+ Kf5 48. Re7 Rb2+ 49. Kf3
Rb3+) 47. Bxg3 hxg3 {KR-KR} 48. Ra3 Rb2+ 49. Kf1 Rb1+ 50. Ke2 Rxb4 51. Rxg3
Rb2+ 52. Kf1 Kxd4 53. Rg7 h6 54. Rg6 h5 55. Rg5 h4 56. g3 hxg3 57. Rxg3 Kc4 58.
Ke1 {Weighted Error Value: White=0.03/Black=0.05} 1/2-1/2

[Event "FIDE Chesscom Grand Swiss 2021"]
[Site "Riga"]
[Date "2021.10.29"]
[Round "3.25"]
[White "Navara, David"]
[Black "Sethuraman, S.P.."]
[Result "1-0"]
[WhiteElo "2691"]
[BlackElo "2620"]
[Annotator "TA"]
[PlyCount "69"]
[EventDate "2021.10.27"]
[EventType "swiss"]
[EventCountry "LAT"]
[Tiebreak "Cut1 Buchholz+Sonneborn-Berger (Swiss)"]
[SourceTitle "playchess.com"]
[Source "ChessBase"]
[SourceQuality "1"]

{[%evp 17,69,27,47,0,17,0,15,21,21,0,0,0,0,-20,0,-10,-6,-14,-6,0,0,-2,0,-16,
-25,-33,-17,-39,70,58,124,110,100,98,179,177,181,185,156,163,164,172,211,205,
204,212,209,209,301,268,538,528,570,554]} 1. e4 e5 2. Nf3 Nc6 3. Bb5 a6 4. Ba4
Nf6 5. O-O b5 6. Bb3 Bc5 7. a4 Rb8 8. c3 d6 9. d4 Bb6 10. a5 {C78: Ruy Lopez:
Archangelsk and Möller Defences.} Ba7 (10... Bxa5 $2 11. dxe5 (11. d5 Ne7 $18)
11... dxe5 12. Qxd8+ Kxd8 13. Bd5 $18 (13. Bxf7 Bb6 $16)) 11. h3 Bb7 12. Re1 {
The position is equal.} O-O 13. Be3 exd4 (13... Nxe4 $6 14. d5 $16) 14. cxd4 {
White wants to play d5.} Nb4 {14...Ne7 gains popularity.} (14... Nxe4 15. d5
$18) 15. d5 {[#]} c5 $146 ({Predecessor:} 15... Bxe3 16. Rxe3 c5 17. Nc3 Re8
18. Qd2 Nd7 19. Bc2 Nxc2 20. Qxc2 Bc8 21. Ne2 Qf6 {1/2-1/2 (69) Tabatabaei,M 
(2824)-Schitco,I (2654) Chess.com INT 2020}) 16. dxc6 Bxe3 17. cxb7 Bc5 18. Nc3
Rxb7 19. Qd2 Re7 20. Rad1 {[#] aiming for e5.} Nc6 21. Qg5 Nxa5 22. Bc2 {
e5 is the strong threat.} Qb6 (22... Rd7 $15) 23. Qh4 $1 $14 {Black must now
prevent Nd5.} Rc8 (23... Rc7 $14) 24. e5 $16 dxe5 25. Bf5 $36 {[%mdl 2048]
White is in control.} Rce8 (25... Rc6 $16) 26. Nd5 $18 {[#] Intending Nxf6+
and mate.} Bxf2+ 27. Qxf2 Nxd5 28. Rxd5 Qxf2+ 29. Kxf2 Nc4 30. b3 Na5 31. Bd7 (
{Don't play} 31. Rdxe5 Rxe5 32. Rxe5 (32. Nxe5 Nxb3 33. Nc6 Rxe1 $16) 32...
Rxe5) 31... Rd8 32. Nxe5 Nxb3 (32... Kf8 $142 33. Ra1 Nxb3 34. Rxa6 g6) 33.
Red1 Rf8 $2 (33... Na5 34. Bxb5 {[%mdl 64] Discovered Attack} Rxd5 35. Rxd5 g6
36. Bxa6 Nb7) 34. Nc6 Re4 {Now ...Ra4 and Black clings on.} 35. Rb1 {Weighted
Error Value: White=0.06/Black=0.32} 1-0

[Event "FIDE Chesscom Grand Swiss 2021"]
[Site "Riga"]
[Date "2021.10.29"]
[Round "3.26"]
[White "Erigaisi Arjun"]
[Black "Mamedov, Rauf"]
[Result "1/2-1/2"]
[WhiteElo "2634"]
[BlackElo "2673"]
[Annotator "TA"]
[PlyCount "60"]
[EventDate "2021.10.27"]
[EventType "swiss"]
[EventCountry "LAT"]
[Tiebreak "Cut1 Buchholz+Sonneborn-Berger (Swiss)"]
[SourceTitle "playchess.com"]
[Source "ChessBase"]
[SourceQuality "1"]

{[%evp 12,60,41,55,47,64,54,48,18,19,19,14,35,34,28,39,48,47,57,52,56,43,56,21,
67,31,37,35,41,43,52,18,16,16,17,25,22,13,13,12,12,0,0,0,0,0,0,-8,0,0,0]} 1. d4
d5 2. c4 e6 3. Nc3 c5 4. cxd5 exd5 5. Nf3 Nc6 6. dxc5 d4 7. Na4 Bxc5 {[%mdl 64]
[#] Decoy. D32: Tarrasch Defence: Sidelines and lines without g3.} 8. Nxc5 {
Hoping for Nb3.} Qa5+ 9. Bd2 Qxc5 {White is slightly better.} 10. Rc1 Qb6 11.
e3 dxe3 12. Bxe3 Qb4+ 13. Bd2 Qe7+ 14. Be2 {0-0 is the strong threat.} Nf6 15.
O-O {Black must now prevent Bf4.} O-O 16. Re1 Qd6 {[#]} 17. Bb5 $146 ({
Predecessor:} 17. Qa4 Be6 18. Bf4 Qb4 19. Qxb4 Nxb4 20. a3 Nbd5 21. Bg3 Rac8
22. Nd4 a6 23. Nxe6 fxe6 {1/2-1/2 (36) Pisk,P (2389)-Orsag,M (2393) Czech
Republic 2013}) 17... Bg4 18. Bc3 (18. Bxc6 $5 bxc6 19. Bg5 Qxd1 20. Rexd1 $14
(20. Rcxd1 Nd5 $11)) 18... Qxd1 19. Rexd1 Ne4 20. Bxc6 bxc6 21. Bd4 Rfd8 22.
Be3 Rxd1+ 23. Rxd1 c5 24. Rc1 {The position is equal.} Be6 $1 25. b3 a5 26.
Bxc5 Nxc5 27. Rxc5 a4 28. bxa4 Rxa4 29. Rc2 Rxa2 30. Rxa2 Bxa2 {Weighted Error
Value: White=0.08/Black=0.04} 1/2-1/2